Statistics for Top Five Countries By Category #2

Click here to take the quiz!

General Stats

  • This quiz has been taken 117,266 times
    (67,379 since last reset)
  • The average score is 34 of 55

Answer Stats

Country% Correct
United States
100%
China
97%
United Kingdom
97%
Russia
96%
Germany
95%
France
94%
Brazil
92%
Vatican City
92%
Saudi Arabia
91%
Japan
90%
Canada
89%
India
89%
Italy
86%
Iran
81%
Monaco
81%
Sweden
79%
Nepal
78%
Argentina
77%
Iraq
77%
San Marino
77%
Pakistan
70%
Netherlands
69%
Niger
68%
United Arab Emirates
67%
Liechtenstein
66%
Nigeria
63%
Switzerland
62%
Andorra
61%
Qatar
59%
Venezuela
59%
Bhutan
57%
Belgium
56%
Israel
56%
Luxembourg
55%
Nauru
55%
Austria
53%
Kuwait
52%
North Korea
52%
Syria
49%
Tuvalu
48%
Uruguay
48%
Jordan
45%
Czech Republic
44%
Greece
44%
Iceland
43%
Soviet Union
36%
Philippines
34%
Mali
31%
Lithuania
25%
Uganda
25%
Moldova
20%
Saint Lucia
19%
Malawi
15%
Zambia
14%
Djibouti
12%

Score Distribution

Percentile by Number Answered

Percent of People with Each Score

Your Score History

You have not taken this quiz since the last reset